[Event "Do it quickly #3"]
[Site "SchemingMind.com"]
[Date "2012.11.22"]
[Round "-"]
[White "lennart"]
[Black "APB"]
[Result "0-1"]
[WhiteCountry "SWE"]
[BlackCountry "ENG"]
[WhiteElo "1491"]
[WhiteRD "54"]
[BlackElo "1665"]
[BlackRD "66"]
[GameID "321863"]

1. e4 c5 2. Nc3 Nc6 3. Nf3 e6 4. Bc4 a6 5. O-O b5 6. Be2 b4 7. Na4 Nf6 8. d3 h6 9. b3 d6 10. Bb2 e5
11. c3 Be7 12. h3 O-O 13. Qd2 d5 14. cxb4 cxb4 15. Nxe5 Nxe5 16. d4 Nc6 17. e5 Ne4 18. Qc1 Bb7 19. Kh2 f6 20. f4 f5
21. Nc5 Bxc5 22. dxc5 Qa5 23. Bd3 Nxc5 24. Bc2 d4 25. a3 d3 26. Bd1 Qb6 27. Qc4+ Kh8 28. e6 Ne4 29. Qxd3 Rad8 30. Qc4 Nd2
0-1

[Event "Do it quickly #3"]
[Site "SchemingMind.com"]
[Date "2012.11.22"]
[Round "-"]
[White "lennart"]
[Black "Majoanis"]
[Result "0-1"]
[WhiteCountry "SWE"]
[BlackCountry "CAN"]
[WhiteElo "1468"]
[WhiteRD "55"]
[BlackElo "1800"]
[BlackRD "63"]
[GameID "321864"]

1. e4 e5 2. Nf3 Nc6 3. Nc3 Nf6 4. d3 Be7 5. Be3 d6 6. Be2 O-O 7. O-O Re8 8. Nd5 h6 9. h3 Bf8 10. Nxf6+ Qxf6
11. c3 g6 12. b4 Bg7 13. Qa4 Qd8 14. b5 Ne7 15. c4 Bd7 16. d4 a6 17. Qb3 exd4 18. Nxd4 axb5 19. cxb5 c5 20. Rad1 cxd4
21. Bxd4 Be6 22. Qe3 Bxd4 23. Rxd4 Kh7 24. f4 Qb6 25. a4 d5 26. f5 Bxf5 27. exd5 Nc6
0-1

[Event "Do it quickly #3"]
[Site "SchemingMind.com"]
[Date "2012.11.23"]
[Round "-"]
[White "lennart"]
[Black "Scooter"]
[Result "1-0"]
[WhiteCountry "SWE"]
[BlackCountry "USA"]
[WhiteElo "1491"]
[WhiteRD "54"]
[BlackElo "1775"]
[BlackRD "47"]
[GameID "321865"]

1. e4 c6 2. Nf3 d5 3. exd5 cxd5 4. c3 Nf6 5. h3 e6 6. a3 Nbd7 7. Bb5 Bc5 8. d4 Be7 9. O-O O-O 10. Bxd7 Bxd7
11. b4 Bb5 12. Re1 Rc8 13. Ne5 Ne4 14. Bb2 Bf6 15. Nf3 Rc7 16. a4 Bd7 17. b5 Bh4 18. Nxh4 Qxh4 19. Qe2 Qg5 20. Bc1 Qg6
21. Bf4 Nxc3 22. Nxc3 Rxc3 23. Bd2 Rc4 24. Qe3 Rfc8 25. Rec1 Rxc1+ 26. Bxc1 Qc2 27. Kh2 Rc4 28. Qg3 Rxd4 29. Bb2
1-0

[Event "Do it quickly #3"]
[Site "SchemingMind.com"]
[Date "2012.11.23"]
[Round "-"]
[White "lennart"]
[Black "Michal Drus"]
[Result "0-1"]
[WhiteCountry "SWE"]
[BlackCountry "POL"]
[WhiteElo "1491"]
[WhiteRD "54"]
[BlackElo "1596"]
[BlackRD "62"]
[GameID "321866"]

1. e4 c6 2. Nc3 d5 3. d4 b5 4. exd5 b4 5. Ne4 cxd5 6. Nc5 e5 7. Nb3 Nc6 8. Ne2 Nf6 9. Bg5 Be7 10. Bxf6 Bxf6
11. dxe5 Nxe5 12. h3 Nc4 13. Rb1 O-O 14. Ng3 Nxb2 15. Qf3 Re8+ 16. Be2 Bc3+ 17. Kf1 Rb8 18. a3 bxa3 19. Qxc3 Na4 20. Qd4 Bd7
21. Ra1 Qe7 22. Qxd5 Nc3 23. Qf3 Nxe2 24. Nxe2 Bb5 25. Nc1 a2 26. Qe3 Qd6 27. Qxe8+ Rxe8 28. Nd3 Bxd3 29. cxd3 Qxd3 30. Kg1 Rxe2
0-1

[Event "Do it quickly #3"]
[Site "SchemingMind.com"]
[Date "2012.11.22"]
[Round "-"]
[White "lennart"]
[Black "Iucounu"]
[Result "1-0"]
[WhiteCountry "SWE"]
[BlackCountry "ENG"]
[WhiteElo "1468"]
[WhiteRD "55"]
[BlackElo "1420"]
[BlackRD "55"]
[GameID "321867"]

1. e4 e5 2. Nc3 Nf6 3. Nf3 Nc6 4. Bd3 Bc5 5. h3 O-O 6. a3 d5 7. exd5 Nxd5 8. O-O Re8 9. Be4 Be6 10. d3 f5
11. Bxd5 Bxd5 12. Nxd5 Qxd5 13. c4 Qd6 14. Nh4 Qf6 15. Nf3 Nd4 16. Nxd4 Bxd4 17. Qb3 b6 18. Bd2 c5 19. a4 e4 20. a5 exd3
21. Qxd3 Bxb2 22. Rab1 Bd4 23. axb6 axb6 24. Rb3 g6 25. Qg3 Re2 26. Bg5 Qe6 27. h4 Bf6 28. Bxf6 Qxf6 29. Qc7 Re6 30. h5 g5
31. Rd1 Rae8 32. Rg3 h6 33. Rgd3 R6e7 34. Qg3 f4 35. Qf3 Re1+ 36. Rxe1 Rxe1+ 37. Kh2 Qe6 38. Rd8+ Kg7 39. Qb7+ Kf6 40. Rf8+ Ke5
41. Qc7+ Kd4 42. Rd8+ Kxc4 43. Rd6 Qe5 44. Qf7+ Kb4 45. Rxb6+ Kc3 46. Rb3+ Kd4 47. Qd7+ Kc4 48. Qd3#
1-0

[Event "Do it quickly #3"]
[Site "SchemingMind.com"]
[Date "2012.11.22"]
[Round "-"]
[White "dadshane2000"]
[Black "lennart"]
[Result "1-0"]
[WhiteCountry "USA"]
[BlackCountry "SWE"]
[WhiteElo "2024"]
[WhiteRD "93"]
[BlackElo "1491"]
[BlackRD "54"]
[GameID "321868"]

1. e4 e5 2. Nf3 Nc6 3. Bb5 h6 4. O-O Bd6 5. c3 Nce7 6. d4 a6 7. Bc4 c6 8. dxe5 Bc5 9. Qb3 Kf8 10. Bxf7 d5
11. e6 Nf6 12. e5 Ne4 13. Nd4 g6 14. Be3 Bxd4 15. cxd4 Nf5 16. Bxg6 Bxe6 17. f3 Ng5 18. Qb4+ Kg7 19. Bxf5 Bxf5 20. Qxb7+ Nf7
21. Qxc6 Re8 22. Qf6+ Qxf6 23. exf6+ Kxf6 24. Nc3 Rad8 25. Bf4 Rh8 26. Rfe1 h5 27. Be5+ Nxe5 28. Rxe5 h4 29. Nxd5+ Kg5 30. f4+
1-0

[Event "Do it quickly #3"]
[Site "SchemingMind.com"]
[Date "2012.11.22"]
[Round "-"]
[White "APB"]
[Black "lennart"]
[Result "1-0"]
[WhiteCountry "ENG"]
[BlackCountry "SWE"]
[WhiteElo "1655"]
[WhiteRD "72"]
[BlackElo "1490"]
[BlackRD "55"]
[GameID "321869"]

1. e4 e5 2. Nf3 Nc6 3. Bc4 h6 4. d4 exd4 5. Nxd4 Nxd4 6. Qxd4 b6 7. Qd5 Qe7 8. Qxa8 Kd8 9. Nc3 Qb4 10. Bxf7 Ne7
11. a3 Qc5 12. Be3 Qa5 13. O-O-O d6 14. Be6 Qa6 15. Bxc8 Nxc8 16. e5 g5 17. exd6 Bxd6 18. Ne4 Ke7 19. Nxd6 cxd6 20. Qe4+ Kd7
21. Bd4 Rd8 22. Qh7+ Ne7 23. Bf6
1-0

[Event "Do it quickly #3"]
[Site "SchemingMind.com"]
[Date "2012.11.22"]
[Round "-"]
[White "Majoanis"]
[Black "lennart"]
[Result "1-0"]
[WhiteCountry "CAN"]
[BlackCountry "SWE"]
[WhiteElo "1626"]
[WhiteRD "64"]
[BlackElo "1490"]
[BlackRD "55"]
[GameID "321870"]

1. e4 e5 2. Nf3 Nc6 3. Bb5 Nce7 4. Nxe5 c6 5. Be2 d6 6. Nf3 d5 7. exd5 cxd5 8. d4 a6 9. O-O Nf5 10. Re1 Be7
11. Nc3 Nf6 12. Bg5 Nd7 13. Bd3 f6 14. Bxf5 fxg5 15. Nxd5 Nf6 16. Nxe7
1-0

[Event "Do it quickly #3"]
[Site "SchemingMind.com"]
[Date "2012.11.23"]
[Round "-"]
[White "Scooter"]
[Black "lennart"]
[Result "1-0"]
[WhiteCountry "USA"]
[BlackCountry "SWE"]
[WhiteElo "1775"]
[WhiteRD "47"]
[BlackElo "1491"]
[BlackRD "54"]
[GameID "321871"]

1. d4 d5 2. Nf3 Nc6 3. Bf4 h6 4. e3 e6 5. Bb5 a6 6. Bxc6+ bxc6 7. O-O Nf6 8. h3 Ne4 9. Nbd2 Nxd2 10. Qxd2 Bd6
11. Ne5 Bxe5 12. Bxe5 O-O 13. Qa5 Ra7 14. Qc5 Rb7 15. Qxc6 Ra7 16. Qc5 Rb7 17. Qa3 Rb6 18. b3 f6 19. Bg3 Bd7 20. Qc1 Bb5
21. Re1 a5 22. c4 Bd7 23. cxd5 exd5 24. Bxc7
1-0

[Event "Do it quickly #3"]
[Site "SchemingMind.com"]
[Date "2012.11.23"]
[Round "-"]
[White "Michal Drus"]
[Black "lennart"]
[Result "1-0"]
[WhiteCountry "POL"]
[BlackCountry "SWE"]
[WhiteElo "1596"]
[WhiteRD "62"]
[BlackElo "1491"]
[BlackRD "54"]
[GameID "321872"]

1. e4 e5 2. Nf3 Nc6 3. d4 exd4 4. Nxd4 Nxd4 5. Qxd4 Be7 6. Bc4 Bf6 7. e5 Be7 8. Qf4 d5 9. Bd3 Be6 10. Nc3 d4
11. Nb5 a6 12. Nxd4 Bd5 13. O-O g6 14. Re1 h5 15. e6 Nf6 16. exf7+ Kxf7 17. Bxg6+ Kg7 18. Be4 Nxe4 19. Rxe4 Bd6 20. Ne6+ Bxe6
21. Rxe6 Bxf4 22. Bxf4 Rf8 23. Bh6+ Kf7 24. Rae1 Rg8 25. Bf4 Qd5 26. Re7+ Kf6 27. g3 Raf8 28. b3 c5 29. Bc1 h4 30. Bb2+ Kg5
31. R7e5+ Qxe5 32. Rxe5+ Kg4 33. Re4+ Kh3 34. Rxh4#
1-0

[Event "Do it quickly #3"]
[Site "SchemingMind.com"]
[Date "2012.11.22"]
[Round "-"]
[White "Iucounu"]
[Black "lennart"]
[Result "0-1"]
[WhiteCountry "ENG"]
[BlackCountry "SWE"]
[WhiteElo "1409"]
[WhiteRD "52"]
[BlackElo "1494"]
[BlackRD "57"]
[GameID "321873"]

1. e4 e5 2. Nf3 Nc6 3. Bb5 a6 4. Ba4 b5 5. Bb3 h6 6. O-O Nf6 7. Re1 Bc5 8. c3 Ng4 9. d4 Bb6 10. h3 Nf6
11. dxe5 Nh7 12. Be3 Ba5 13. Bd5 Bb7 14. Nd4 Rb8 15. Nxc6 dxc6 16. Bb3 Bb6 17. a3 c5 18. Bc2 Qe7 19. Bf4 Rd8 20. Qf3 O-O
21. Nd2 c4 22. Bg3 Rxd2 23. Re2 Rxe2 24. Qxe2 Qc5 25. Rd1 f6 26. e6 Re8 27. Qg4 Ng5 28. h4 Nxe6 29. Kh2 a5 30. Qg6 Kf8
31. Rd7 Re7 32. Rxe7 Qxe7 33. e5 fxe5 34. Qh7 Ke8 35. Qg8+ Nf8 36. Bg6+ Kd7 37. Bf5+ Kd6 38. Bg4 Bd5 39. Qh8 Qf6 40. Kg1 Ng6
41. Qe8 Kc5 42. Bf3 Bxf3 43. gxf3 c6 44. h5 Ne7 45. Qd7 Nd5 46. Qe8 Bc7 47. Qd7 Qg5 48. Qf7 e4 49. Qg6 Qxg6 50. hxg6 Bxg3
51. fxe4 Bxf2+
0-1